000
00327nam a2200133Ia 4500
008
240624s9999 xx 000 0 und d
041
_a
eng
082
_a
647.94068 BAU
100
_a
BAUM TOM
245
_a
HOSPITALITY MANAGEMENT
260
_c
2011
_a
London
_b
Sage
300
_a
xxviii, : 318 : p. : cm. ; 23
365
_c
GBP
_b
38
999
_c
24321
_d
24321